Mastering academic language a framework for supporting student achievement
Uloženo v:
| Hlavní autor: | |
|---|---|
| Médium: | Kniha |
| Jazyk: | angličtina |
| Vydáno: |
Corwin
2013
|
| Tagy: |
Přidat tag
Žádné tagy, Buďte první, kdo vytvoří štítek k tomuto záznamu!
|
MARC
| LEADER | 00000nam a22000007a 4500 | ||
|---|---|---|---|
| 008 | 210126b ||||| |||| 00| 0 eng d | ||
| 020 | |a 978-1-4522-5543-9 | ||
| 100 | |a ZACARIAN, Debbie. | ||
| 245 | |a Mastering academic language |b a framework for supporting student achievement |c Debbie Zacarian |g ix; 229p.; ill. | ||
| 260 | |b Corwin |c 2013 |h Thousand Oaks, California |i 692259 |i 692260 |l LB2822.82 .Za1 |m School improvement programs – United States. |m Language arts – United States. |m English language-Study and teaching-United States-Foreign speakers |m Academic achievement – United States. | ||
| 942 | |a lcc |c BK |e YUNUSA, A.A. |f 26/01/2021 | ||
| 952 | |0 0 |1 0 |2 lcc |4 0 |6 LB282282 Z A1 |7 0 |9 1959 |a HOL |b ED |c LP |d 2021-01-26 |o LB2822.82 .Za1 |p 2021-5821 |r 2021-01-26 00:00:00 |w 2021-01-26 |y BK | ||
| 952 | |0 0 |1 0 |2 lcc |4 0 |6 LB282282 Z A1 |7 0 |9 1960 |a HOL |b HOL |c LP |d 2021-01-26 |l 0 |o LB2822.82 .Za1 |p 2021-5822 |r 2021-01-26 00:00:00 |w 2021-01-26 |y BK | ||
| 999 | |c 1026 |d 1026 | ||